000 00351pab a2200157 454500
008 180718b2001 xxu||||| |||| 00| 0 eng d
100 _aNehru, Arun
245 _aLessons of assembly elections
260 _c2001
300 _ap.6
362 _a15 Jan
650 _aElections - India
650 _aElections
773 _aPioneer
909 _a48706
999 _c48706
_d48706